BUBT Library Online Catalog

Blake : a collection of critical essays / (Record no. 1372)

000 -LEADER
fixed length control field 00561nam a2200193Ia 4500
003 - CONTROL NUMBER IDENTIFIER
control field BUBTL
008 - FIXED-LENGTH DATA ELEMENTS--GENERAL INFORMATION
fixed length control field 151213s9999 xx 000 0 und d
082 ## - DEWEY DECIMAL CLASSIFICATION NUMBER
Classification number 828.709/ F948b/ 1966
100 ## - MAIN ENTRY--PERSONAL NAME
Personal name Frye, Northrop
9 (RLIN) 5104
245 ## - TITLE STATEMENT
Title Blake : a collection of critical essays /
Statement of responsibility, etc. Northrop Frye
250 ## - EDITION STATEMENT
Edition statement 1st Edn.
260 ## - PUBLICATION, DISTRIBUTION, ETC. (IMPRINT)
Place of publication, distribution, etc. Cliffs N. J. Englewood
Name of publisher, distributor, etc. Printice Hall
Date of publication, distribution, etc. c1966
300 ## - PHYSICAL DESCRIPTION
Extent 182p. :
Other physical details 21 cm
650 ## - SUBJECT ADDED ENTRY--TOPICAL TERM
Topical term or geographic name as entry element English
700 ## - ADDED ENTRY--PERSONAL NAME
Personal name Northrop Frye
9 (RLIN) 5105
856 ## - ELECTRONIC LOCATION AND ACCESS
Password 0
Logon 0
Link text Download
942 ## - ADDED ENTRY ELEMENTS (KOHA)
Source of classification or shelving scheme
Koha item type Books
Holdings
Withdrawn status Lost status Source of classification or shelving scheme Damaged status Not for loan Collection code Permanent location Current location Shelving location Date acquired Source of acquisition Inventory number Total Checkouts Full call number Barcode Date last seen Copy number Price effective from Koha item type
          Non-fiction Bangladesh University of Business and Technology Library Bangladesh University of Business and Technology Library English Literature Stacks 08/05/2004 Purchase 1768   828.709/ F948b/ 1966 BUBTL-20031768 12/28/2022 C-1 12/28/2022 Books
        Not For Loan Non-fiction Bangladesh University of Business and Technology Library Bangladesh University of Business and Technology Library English Literature Stacks 07/30/2008 Purchase 5524   828.709/ F948b/ 1966 BUBTL-20035524 12/28/2022 C-2 12/28/2022 Books
          Non-fiction Bangladesh University of Business and Technology Library Bangladesh University of Business and Technology Library English Literature Stacks 07/30/2008 Purchase 5525   828.709/ F948b/ 1966 BUBTL-20035525 12/28/2022 C-3 12/28/2022 Books

More Information About Library

Library Hours

  • Open: 9.00 am. to 9.00 pm.
  • Only Sunday: 9.00 am. to 6.00 pm.
  • Closed: Holiday

Contact to the University

Bangladesh University of Business and Technology Library

  • Mirpurl-2, 1216.
  • Phone:
  • Fax:
  • E-Mail: admin.library@bubt.edu.bd

Contact to the Library

Contact Person:

Md. Abdul Hakim Shah
Joint Librarian
PABX No:  113
Cell No: 01816332931
E-mail: official: admin.library@bubt.edu.bd
Personal: hakim.shah@bubt.edu.bd


BUBT Library

Copyright © 2021